000 01442cam a2200169 4500500
005 20260301003329.0
041 _afre
042 _adc
100 1 0 _aBlanquie, Christophe
_eauthor
245 0 0 _aOlivier Poncet, Isabelle Storez-Brancourt (ÉD.), Une histoire de la mémoire judiciaire, Paris, École nationale des Chartes, Paris, 2009, 418 p., ISBN 978-2-35723-004-0
260 _c2010.
500 _a58
520 _aCet article expose une méthodologie, une historiographie et des sources en lien avec l’histoire du climat de la Catalogne depuis le XVe siècle. Le cœur du travail réside dans la mesure des processions (densité, nombre) mentionnées dans les registres des délibérations municipales catalanes. Ces documents servent à reconstruire le climat de la Catalogne au cours des cinq derniers siècles.
520 _aThis article discusses a methodology, a historiography and different historical records in link with the climate of Catalonia since the 15th century. It is mainly dealing with the measure of rogations ceremonies from the chapter books of resolutions of the cities. These records authorize a reconstruction of the Catalonian climate during the last 500 years.
786 0 _nRevue d’histoire moderne & contemporaine | 57-3 | 3 | 2010-09-24 | p. 204-204 | 0048-8003
856 4 1 _uhttps://shs.cairn.info/revue-d-histoire-moderne-et-contemporaine-2010-3-page-204?lang=fr&redirect-ssocas=7080
999 _c1675934
_d1675934